| 000 | 01071nam a2200265Ia 4500 | ||
|---|---|---|---|
| 003 | OSt | ||
| 005 | 20220923211009.0 | ||
| 006 | a|||||r|||| 00| 0 | ||
| 007 | ta | ||
| 008 | 220922b |||||||| |||| 00| 0 hin d | ||
| 020 | _a8170542500 (hbk) | ||
| 024 | _a158,545 | ||
| 037 | _cTextual | ||
| 040 |
_aARTS _cARTS _bhin |
||
| 041 |
_2hin _ahin |
||
| 082 | _aO152,1M5:g(/\25), N9 | ||
| 100 |
_aशर्मा, कृष्णा कुमारी किरणा _9156979 |
||
| 245 | 0 | _aरीतिबद्ध कवियों की भक्ति-भावना एवं विश्लेषण | |
| 246 | _aRītibaddha kaviyoan kī bhakti-bhāvanā evan vishleṣhaṇa | ||
| 260 |
_aनई दिल्ली _b क्लासिकल पब्लिशिग कम्पनी _c1999 |
||
| 300 |
_a296 पृ. _ccm. |
||
| 650 |
_aहिन्दी साहित्य _9156264 |
||
| 942 |
_hO152,1M5:g(/\25), N9 _cTEXL _2CC |
||
| 999 |
_c293688 _d293688 |
||